MACHINE SHOP PRRACTICE (Record no. 584012)

000 -LEADER
fixed length control field 00279nam a22001217a 4500
020 ## - INTERNATIONAL STANDARD BOOK NUMBER
International Standard Book Number 0-8311-1070-8
082 ## - DEWEY DECIMAL CLASSIFICATION NUMBER
Classification number 621.811 MOL'M
100 ## - MAIN ENTRY--PERSONAL NAME
Personal name MOLTRECHT, K. H
9 (RLIN) 78640
245 ## - TITLE STATEMENT
Title MACHINE SHOP PRRACTICE
250 ## - EDITION STATEMENT
Edition statement VOL-2
260 ## - PUBLICATION, DISTRIBUTION, ETC.
Place of publication, distribution, etc. NEWYORK
Name of publisher, distributor, etc. INDUSTRIAL
Date of publication, distribution, etc. 1971
942 ## - ADDED ENTRY ELEMENTS (KOHA)
Koha item type Book
Holdings
Withdrawn status Lost status Damaged status Not for loan Permanent Location Current Location Shelving location Date acquired Total Checkouts Full call number Barcode Date last seen Price effective from Koha item type
        College of Electrical & Mechanical Engineering (CEME) College of Electrical & Mechanical Engineering (CEME) General Stacks 06/21/2017   621.811 MOL'M CEME-7276 06/28/2021 06/28/2021 Book
© 2023 Central Library, National University of Sciences and Technology. All Rights Reserved.